|
|
|
|
| LEADER |
01506nam a2200277 i 4500 |
| 001 |
10118098 |
| 003 |
GR-PaULI |
| 005 |
20220309100330.0 |
| 008 |
200720s2018 gr g d gre d |
| 952 |
|
|
|0 0
|1 0
|2 ddc
|4 0
|6 839_822000000000000_6_IBS
|7 0
|9 242042
|a THST
|b THST
|d 2020-07-20
|i 015436
|l 0
|o 839.822 6 IBS
|p 025000267024
|r 2020-07-20 00:00:00
|t 1
|v 2020.00
|w 2020-07-20
|y BK15
|
| 999 |
|
|
|c 146025
|d 146025
|
| 020 |
|
|
|a 9786188393943
|
| 040 |
|
|
|a GR-PaULI
|c GR-PaULI
|b gre
|e AACR2
|
| 041 |
1 |
|
|a gre
|h nor
|
| 082 |
0 |
4 |
|a 839.822 6
|2 23
|
| 100 |
1 |
|
|9 5054
|a Ibsen, Henrik,
|d 1828-1906
|e συγγραφέας
|
| 245 |
1 |
2 |
|a Νόρμα ή ενός πολιτικού η αγάπη :
|b μουσική τραγωδία εις πράξεις τρεις = Norma eller en politikers kjaerlighed : musik-tragedie i tre acter /
|c Ερρίκος Ίψεν ; μετάφραση-υποσημειώσεις-πρόλογος-επίλογος Θεοδόσης Αγγ. Παπαδημητρόπουλος.
|
| 246 |
1 |
3 |
|a Norma eller en politikers kjaerlighed
|
| 260 |
|
|
|a Αθήνα :
|b Θεοδόσης Αγγ. Παπαδημητρόπουλος,
|c 2018.
|
| 300 |
|
|
|a 59 σ. ;
|c 21 εκ.
|
| 490 |
0 |
|
|a Ίψεν / Θεοδόσης Αγγ. Παπαδημητρόπουλος
|
| 504 |
|
|
|6 Περιλαμβάνει βιβλιογραφία.
|
| 650 |
|
4 |
|a Νορβηγικό δράμα
|9 83534
|
| 700 |
1 |
4 |
|a Παπαδημητρόπουλος, Θεοδόσης Α.
|e μεταφραστής
|9 138453
|
| 942 |
|
|
|2 ddc
|c BK15
|
| 998 |
|
|
|c ΜΑΝΙΑ
|d 2020-07
|